00410nam a2200169Ia 4500003000500000008004100005020001800046040001900064082000700083100001600090100001400106245004200120260004800162300001000210365000800220546001200228STCL221019s9999 xx 000 0 und d a9781107536173 aSTCLcSTCLbEN 222 aBasu, Mahua aXavier, S 0aFundamentals of environmental studies bCambridge University PressaNew Delhic2020 a450 p b500 aEnglish